000
00329nam a22001457a 4500
003
SGT
082
_a
616.89
_b
E13B
100
_a
BHATIA, B.D.
245
_a
ELEMENTS OF PSYCHOLOGY AND MENTAL HYGIENE
250
_a
3RD
260
_a
INDIA
_b
UNIVERSITY PRESS
_c
2013
300
_a
383
650
_a
PSYCHOLOGY
942
_2
ddc
_c
BK
999
_c
14528
_d
14528